000 00396pab a2200157 454500
008 180718b1984 xxu||||| |||| 00| 0 eng d
100 _aGross, Donald A.
245 _aComparing party systems
_bA multidimensional approach
260 _c1984
300 _a463-79
362 _aJuly
650 _aPolitical Parties
700 _aLee Sigelman
773 _aComparative Politics
909 _a15274
999 _c15274
_d15274